000 00533naa a2200181 4500
001 106808
003 ES-MaBCM
005 20241016140110.0
008 050228s2004 fra|r0p 0 ||fre d
021 _axx
035 _a(OCoLC)1365153341
040 _cES-MaBCM
100 1 _aMonnier, François
_931875
245 0 0 _aEst-il possible de penser l'Europe?
_cpar François Monnier
651 1 4 _aEuropa
_9115402
773 0 _aEn:
_tLa revue administrative
_dParis
_w104665
_g57 année (2004), nº 341 (sept.), p. 383-392
942 _cAREV
999 _c106808
_d106808